000 01279nam1a22002651 4500
001 rc\2901474
005 20110802135603.3
035 _a(NLR Aleph) 007052790
090 _a6207831
_c6207831
100 _a20110802d1934 |||y0rusy50 ca
101 1 _arus
_ceng
102 _aRU
105 _ay z |||||
200 1 _aСтандартизация в черной металлургии
_fПер. с англ. и коммент. инженера С.К. Дунаева
210 _aМосква
_aЛенинград
_cСтандартизация и рационализация
_d1934
_e[Рязань]
_gтип. Мособлполиграфа
215 _d22х15 см
225 1 _aБиблиотека иностранных стандартов
_fВсес. ком-т стандартизации при СТО. Амер. о-во по испытанию материалов (ASTM)
300 _aНа обороте тит. л.: "American society for testing materials. ASTM standards"
702 1 _aДунаев
_bС. К.
_4730
710 0 2 _aАмериканское общество по испытаниям и материалам
_cФиладельфия
801 0 _aRU
_bNLR
_gpsbo
801 1 _aRU
_bELAR
_2rusmarc
852 _aNLR
_j34-18/312(5)
942 _cBOOK
980 _aNB